[Event "SVK-ch"]
[Site "Banska Stiavnica"]
[Date "2006.07.10"]
[Round "3"]
[White "Markos, Jan"]
[Black "Timoscenko, Gennadij A"]
[Result "1-0"]
[WhiteElo "2526"]
[BlackElo "2494"]
[Annotator "Rogozenco,D"]
[PlyCount "79"]
[EventDate "2006.07.08"]
[EventType "tourn"]
[EventRounds "9"]
[EventCountry "SVK"]
[EventCategory "9"]
[SourceTitle "CBM 113 Extra"]
[Source "ChessBase"]
[SourceDate "2006.09.14"]
[SourceVersion "1"]
[SourceVersionDate "2006.09.14"]
[SourceQuality "1"]

1. d4 d5 2. c4 c6 3. Nc3 Nf6 4. e3 a6 5. Nf3 b5 6. b3 Bg4 7. h3 Bxf3 8. Qxf3 e5
{This nowadays common continuation was invented in the 1970-es by the
Moldavian coach Vecheslav Chebanenko. 8...e5 was implemented in practice first
by Gavrikov, but in the "non-database-era" it became known only after the
publication in Informator 57 of the game Dlugy-Bologan, New-York 1993, where
it was mentioned as a novelty. However, 8...e5 was played earlier also by
another Chebanenko's pupil, Angela Grigorieva (now WIM Angela Dragomirescu).
In that unknown game the move 8...e5 came as a shock for the Grandmaster
playing with White, who spent a lot of time after it and still got in troubles
against a then unrated girl. The interesting thing is that the GM was G.
Timoscenko, who plays the present game on the Black side...} ({In order to
avoid White's options on move 13 Black can start with} 8... bxc4 9. bxc4 {
and only now} e5 {but then White can use the open b-file to his advantage and
continue} 10. Rb1 {with slightly better prospects.}) 9. dxe5 Bb4 10. Bd2 Bxc3
11. Bxc3 Ne4 12. Bb4 bxc4 13. Bxc4 {The theory of the variation developed a
lot after 1993 and many resources for White were found. 13.Bxc4 is one such
resources.} ({Chebanenko's old analysis was shown by Bologan in the
above-mentioned game:} 13. bxc4 $6 Qb6 14. a3 a5 15. cxd5 cxd5 16. Bd2 Qb2 17.
Rd1 Nc6 {0-1 Dlugy,M (2550)-Bologan,V (2520)/New York 1993 (60). with
initiative for Black.}) (13. e6 $5 Ra7 $13) ({The discussed game Timoscenko,G 
(2515)-Grigorieva,A/Guichen Open 1992 continued} 13. Qg4 $5 g6 $6 ({Stronger is
} 13... c5) 14. Bxc4 h5 15. Qf4 Qb6 16. Bd6 $2 ({White had to include} 16. a3
a5 {and only now} 17. Bd6 {with a double-edged position after} Nd7) 16... Nxd6
17. exd6 Qa5+ 18. Ke2 dxc4 19. Qe4+ Kf8 20. Qe7+ Kg7 21. Qb7 cxb3 (21... Qb5 {
is even more convincing:} 22. Qxa8 cxb3+ 23. Kf3 b2 24. Rab1 Qb6 25. a4 a5 $19
{with the inevitable 26...Nd7, catching the queen.}) 22. a4 Qc3 23. Rac1 Qb2+
24. Kf3 Qf6+ ({Black is easily winning after} 24... a5 {and then ...Na6, with
an extra piece, but in her first international tournament Grigorieva was happy
with a draw against a Grandmaster, especially since both players were in
severe time-trouble.}) 25. Ke2 Qb2+ {and a draw was agreed.}) 13... Ng5 (13...
Qb6 14. a3 a5 15. Bd6 Nxd6 16. exd6 Nd7 17. Be2 Qxb3 18. O-O O-O 19. e4 $1 $14
{1-0 Tkachiev,V (2609)-Kornev,A (2574)/Moscow 2005 (43)}) 14. Qe2 dxc4 15. Rd1
Nd7 ({A good alternative was to activate the queen with} 15... Qb6 16. Qxc4 Qb5
$1 {and now if White avoids the exchange of queens, he will have to remain
with the king in the center for a while:} 17. Qg4 ({The endgame after} 17. Rc1
Nd7 (17... Qxe5 $2 18. f4 $1 Qxe3+ 19. Kd1 Ne6 20. Re1 Qb6 (20... Qf2 21. Rxe6+
fxe6 22. Qxe6+ Kd8 23. Ba5+) 21. f5 $36) 18. Bd6 (18. Qxc6 $4 Qxb4+) (18. f4 c5
$1 $15) 18... f6 19. f4 Qxc4 20. Rxc4 Nf7 21. Rxc6 fxe5 22. fxe5 Nxd6 23. exd6
Kf7 {can be problematic only for White}) 17... Ne6 18. Bd6 Nd7 19. a4 $5 (19.
f4 $13) 19... Qxb3 ({or} 19... Qa5+ 20. b4 Qxa4 21. O-O $44) 20. O-O $44) 16.
Qxc4 c5 17. Bc3 (17. Bxc5 $6 Qa5+ (17... Qc7 18. Qd5 $1 (18. b4 $2 Nxc5 $17)
18... Rd8 19. Bd6 Qc3+ 20. Rd2 Qc1+ 21. Ke2 $1 Qxh1 22. Rd1 Qxd1+ (22... Qh2
23. e6 Qxd6 24. Qxd6 Nxe6 25. Qxa6 $16) 23. Kxd1 $16 {[%cal Gf2f4]}) (17... Qc8
18. Qa4 Qxc5 19. Qxd7+ Kf8 20. O-O Qxe5 $13) 18. Bb4 (18. b4 Qb5 19. Qd5 Rc8
$17) 18... Qb5 $15) 17... Ne6 ({Black could try to make use of the knight on
g5 in the following way:} 17... Qc7 $5 18. O-O O-O {and if} 19. f4 $6 {then}
Nb6 $1 {[%csl Re4]} 20. Qe2 Ne4 $17 {However, after the correct 19.Qg4! Ne6 20.
f4 White has a promising position.}) (17... O-O 18. f4 Ne6 19. O-O {is similar
to the game.}) 18. O-O O-O 19. f4 g6 $1 $146 {Rightly preventing the further
advance of the f-pawn.} ({In the game Kornev,A (2574)-Jakovenko,D (2596)/
Moscow 2005 Black played weaker:} 19... Re8 20. f5 Nef8 $2 21. Qg4 ({there was
a forcing possibility to achieve advantage:} 21. e6 fxe6 22. Qg4 Qe7 (22... g6
23. f6 $18) 23. f6 Nxf6 24. Bxf6 $16) 21... Qe7 $2 22. f6 Nxf6 23. Qxg7+ Kxg7
24. exf6+ Kg8 25. fxe7 Rxe7 26. Rf3 $18 {and White won soon.}) ({Giving back
the extra piece does not solve the problems:} 19... Qc7 20. f5 Rae8 21. fxe6
Rxe6 22. Rd5 $16) 20. Rd6 Qe7 21. Rfd1 {Black knights are still very limited
and therefore White keeps a good compensation. However, it is unclear if this
compensation secures an advantage.} Ra7 ({Giving the fact that the rook can
get out via a7, Black could have tried to protect on a6 with the computer-like
} 21... Nb8 {Then in order to win a pawn White must exchange his bishop. For
instance:} 22. Qd5 Ra7 23. Ba5 Qb7 24. Bb6 Qxd5 25. R6xd5 Rb7 26. Bxc5 Nxc5 27.
Rxc5 $14) 22. Rxa6 Nb8 23. Rxa7 Qxa7 24. a4 {With active pieces and three
pawns for the knight White's advantage may appear obvious, but with two
knights Black always can hope for counterplay.} Nc6 (24... Rd8 25. Rxd8+ Nxd8
26. g4 $5 $36 {[%cal Gf4f5]}) 25. Rd6 ({More cautious is} 25. Kh2 $44 Na5 $140
26. Qb5) 25... Na5 26. Qd5 (26. Qb5 c4 $1 27. Bxa5 (27. Qxa5 Qxe3+ 28. Kh1 Qc1+
29. Be1 $2 cxb3 $19) 27... Qxe3+ 28. Kf1 Qc1+ 29. Be1 (29. Ke2 $2 Nxf4+ $40)
29... Qxf4+ 30. Kg1 Qc1 $11) 26... c4 $1 {The right time for counterplay.} 27.
Bxa5 Qxe3+ $2 {Instead of this tempting capture with check Black should have
kept bishop a5 under attack.} (27... cxb3 {leads to a draw:} 28. Rb6 Rd8 $1 29.
Qxb3 (29. Qb5 Rd1+ 30. Kh2 b2 31. Qxb2 Qxa5 $132) 29... Qxa5 30. Rxe6 fxe6 31.
Qxe6+ $11) 28. Kh1 cxb3 29. Bd2 Qg3 30. Rxe6 $1 fxe6 31. Qxe6+ Kg7 $2 ({After} 
31... Kh8 {White cannot reach more than a queen endgame with a pawn up, where
Black keeps chances to escape:} 32. Qd6 (32. Qb6 Qd3 $132) 32... Rxf4 $1 (32...
Kg8 33. Qd5+ {is the game}) 33. Qb8+ Kg7 34. Bxf4 Qxf4 35. Qxb3 Qc1+ 36. Kh2
Qf4+ 37. Kg1 (37. Qg3 Qxa4 $16) 37... Qc1+ 38. Kf2 Qf4+ 39. Ke2 Qxe5+ (39...
Qe4+ 40. Kd1 $16) 40. Qe3 $16) 32. Qd7+ Kg8 (32... Rf7 33. Qd4 $18) 33. Qd5+
Kg7 34. e6 $18 {White's centralized pieces control a lot of squares and Black
is unable to create any threats.} b2 35. Qe5+ Kh6 36. Qxb2 Qd3 37. f5+ Kh5 38.
Qb4 gxf5 39. Qxf8 Qxd2 40. Qxf5+ 1-0

[Event "Corus"]
[Site "Wijk aan Zee"]
[Date "2009.01.22"]
[Round "5"]
[White "Aronian, Levon"]
[Black "Movsesian, Sergei"]
[Result "1-0"]
[WhiteElo "2750"]
[BlackElo "2751"]
[Annotator "Rogozenco,D"]
[PlyCount "115"]
[EventDate "2009.01.17"]
[EventType "tourn"]
[EventRounds "13"]
[EventCountry "NED"]
[EventCategory "19"]
[SourceTitle "CBM 129"]
[Source "ChessBase"]
[SourceDate "2009.03.25"]
[SourceVersion "1"]
[SourceVersionDate "2009.03.25"]
[SourceQuality "1"]

1. d4 d5 2. c4 c6 3. Nf3 Nf6 4. Nc3 a6 5. a4 e6 6. g3 dxc4 7. Bg2 c5 8. dxc5
Qxd1+ 9. Nxd1 Nc6 (9... Bxc5 10. Ne5 Nd5 11. Ne3 Nxe3 12. Bxe3 Bxe3 13. fxe3 c3
14. b4 $1 Nd7 15. Nd3 Rb8 16. O-O b5 17. axb5 Rxb5 18. Rfc1 $14 {1-0 Anand,V 
(2791)-Wang Yue (2739)/Linares (33)}) 10. Ne3 Bxc5 11. Nxc4 Ke7 ({Movsesian
deviates from his own games, where he developed the bishop on d7:} 11... Bd7
12. O-O Ke7 13. b3 (13. Nfe5 Rac8 14. Nd3 Nd4 15. Bxb7 Rc7 16. Bf3 Nb3 17. Nxc5
Rxc5 18. Ra3 Nxc1 19. Rxc1 $13 {1/2-1/2 Gelfand,B (2713)-Movsesian,S (2659)/
Batumi 1999 (92)}) 13... Nd5 14. Bb2 f6 15. Rfc1 Rhd8 16. Nce5 Bd6 17. Nxd7
Rxd7 $14 {1/2-1/2 Ruck,R (2523)-Movsesian,S (2637)/Sibenik 2006 (33)}) 12. O-O
Nd5 (12... Bd7 {transposes to 11...Bd7 (this was the move order from the
abovementioned game Gelfand-Movsesian).}) 13. Rd1 $146 {This novelty shows
that Black's path to equality is not all that simple if he delays the
queenside development.} ({Due to the following game the variation was
considered to bring White no advantage:} 13. Nfe5 Nd4 14. Be3 Nxe3 15. fxe3 Nf5
16. b4 Ba7 17. Rad1 f6 18. Bxb7 Bxb7 19. Rd7+ Ke8 20. Rxb7 fxe5 21. g4 Nxe3 22.
Nd6+ Kd8 {1/2-1/2 Bareev,E (2660)-Shirov,A (2685)/Groningen 1993}) 13... f6 (
13... Bd7 14. Nfe5 $36) 14. Nfd2 $1 Rd8 15. Nb3 Ba7 16. Nca5 Rb8 {An obvious
concession, but Black needed to make a choice and Movsesian decided that it
would be easier to play with a weak pawn on c6, than have problems to complete
development.} (16... Nxa5 17. Nxa5 Rb8 18. Bd2 Bd7 19. e4 $36 {[%cal Gd2b4]})
17. Nxc6+ bxc6 18. Na5 Bd7 19. b3 Bc5 ({Apart from the computer's suggestion
19...Nc3, which looks quite risky from a human's point of view, Black had a
decent alternative to keep the dark-squared bishops on the board:} 19... Bb6
20. Ba3+ (20. Bd2 $14) 20... Kf7 21. Nc4 Bc7 22. Rd3 e5 $14 {/=}) 20. Bd2 Bb4
21. Rac1 Rdc8 (21... Bxa5 22. Bxa5 Rdc8 23. e4 Nb4 24. Rc5 $16) 22. Bxb4+ Nxb4
23. f4 {After the exchange of the dark-squared bishops White has a stable plus.
His perfectly placed knight on a5 cannot be disturbed anymore.} c5 24. Kf2 $14
(24. Nb7 {wins a pawn, but leads to simplifications and it is unclear whether
it's enough for a win:} Rc7 (24... c4 $5 25. Nd6 Rc5) 25. Nxc5 Rbc8 26. Rc4
Rxc5 27. Rxb4 a5 28. Rb7 R8c7 29. Rxc7 Rxc7 30. Rd3 Rc1+ 31. Kf2 Bc6 32. Bxc6
Rxc6 $16) 24... Rc7 25. Rc3 Be8 26. Rdc1 Kd6 27. Re3 Bf7 28. Bh3 Ke7 29. Re4 g6
(29... Na2 $142 30. Ra1 Nc3 31. Rc4 Nd5 $14) 30. Rec4 Kd6 31. Bg2 Nd5 (31... e5
32. Re4 $16 {[%csl Re5][%cal Ga5c4]} (32. Rd1+ Ke7 33. Re4 $16)) 32. h4 Nb4 33.
g4 {A classical way to increase positional advantage: in order to make
progress White needs to open the second front.} h6 34. g5 hxg5 (34... fxg5 35.
fxg5 h5 36. Kg3 Nd5 37. e4 $16 {[%cal Gc1f1]}) 35. hxg5 fxg5 36. fxg5 Nd5 37.
Rh1 $16 Rb4 38. Rh8 Ke7 39. Be4 e5 (39... Rxc4 40. Nxc4 $18 {[%cal Gc4e5]}) 40.
Rh7 Kd6 41. e3 Ke6 42. Bd3 Rb8 43. Rc1 Be8 44. Rch1 Rxh7 45. Rxh7 $18 Nb4 46.
Be4 Rd8 47. Nc4 Bc6 (47... Bf7 48. Rg7 $18) 48. Bxg6 Rf8+ 49. Ke2 Bf3+ 50. Ke1
e4 (50... Rg8 51. Bf7+) 51. Rh6 Nd3+ 52. Kd2 Ke7 53. Kc3 Rd8 54. Rh7+ Ke6 55.
Rc7 Rh8 56. Bh7 $1 Nb4 57. Rxc5 Nd5+ 58. Rxd5 (58. Rxd5 Kxd5 59. g6 $18) 1-0

[Event "EU-ch 8th"]
[Site "Dresden"]
[Date "2007.04.05"]
[Round "3"]
[White "Riazantsev, Alexander"]
[Black "Rogozenco, Dorian"]
[Result "1/2-1/2"]
[WhiteElo "2621"]
[BlackElo "2528"]
[Annotator "Rogozenco,D"]
[PlyCount "29"]
[EventDate "2007.04.03"]
[EventType "swiss"]
[EventRounds "11"]
[EventCountry "GER"]
[SourceTitle "CBM 118"]
[Source "ChessBase"]
[SourceDate "2007.05.31"]
[SourceVersion "1"]
[SourceVersionDate "2007.05.31"]
[SourceQuality "1"]

1. d4 d5 2. c4 c6 3. Nc3 Nf6 4. Nf3 a6 5. Ne5 e6 {This is currently replacing
the once main continuation 5...Nbd7.} ({Earlier this year my opponent won
convincingly in the main line:} 5... Nbd7 6. Bf4 dxc4 (6... e6 7. e3 $14 dxc4
$2 8. Bxc4 b5 9. Bd3 Bb7 10. Qf3 $5 $16) 7. Nxc4 b5 8. Ne5 Bb7 9. e3 e6 10. Qf3
$1 (10. Be2 c5 $11) 10... Qb6 ({Objectively better is} 10... Nd5 {although
playing only for the draw in an inferior endgame is certainly not everyone's
dream:} 11. Nxd5 Nxe5 12. Bxe5 Qxd5 (12... cxd5 13. Bd3 Bb4+ 14. Ke2 O-O $14)
13. Qxd5 cxd5 14. Bd3 f6 15. Bg3 $14) 11. Nxd7 Nxd7 12. Bd3 c5 (12... Be7 13.
Qg3 $36 O-O $140 $2 14. Bh6 Bf6 15. Ne4 $18) 13. Be4 Bxe4 14. Nxe4 Qa5+ ({
Previously Black tried} 14... Rc8 15. O-O Qc6 (15... Be7 16. Qg3 $1 $36) (15...
cxd4 16. Rac1 $36) 16. dxc5 f5 (16... Nxc5 17. Rac1 f5 18. Nxc5 Qxf3 19. gxf3
Rxc5 20. Rxc5 Bxc5 21. Rc1 Be7 22. Rc8+ Bd8 23. Ra8 a5 24. Bc7 Kd7 25. Bxa5 $18
) 17. Nd6+ Bxd6 18. Bxd6 Qxf3 19. gxf3 $16 {1-0 Milanovic,D (2434)-Stojanovic,
D (2442)/Banja Luka 2004(52)}) 15. Ke2 $1 ({Even stronger than} 15. Nc3 Ra7 16.
O-O Be7 (16... cxd4 17. Ne4 $1 $36) 17. Qg3 O-O 18. Bh6 Bf6 19. Ne4 $16) 15...
Rc8 16. Rhd1 $16 Qb4 (16... Be7 17. Qg3 (17. Bd6 $16) (17. Nd6+ $16) 17... O-O
18. Bh6 $18) (16... cxd4 17. exd4 $16 (17. Rxd4 $16)) 17. Kf1 $1 $18 {1-0
Riazantsev,A (2629)-Movsesian,S (2637)/Moscow 2007 (45)}) 6. g3 (6. Bf4 {
is harmless here:} dxc4 7. Nxc4 b5 8. Ne5 Bb7 9. e3 c5 {Compared with the
above variation (5...Nbd7), here Black has the bishop on d7 instead of the
knight on d7 and this is an important difference. White cannot create pressure
on the long diagonal now. The position is equal:} 10. dxc5 Qxd1+ 11. Rxd1 Bxc5
12. Be2 Nbd7 $11) 6... Nbd7 7. Nxd7 $146 {Riazantsev makes an attempt to
improve on his own game, but it fails to impress.} (7. Bg2 {brought White an
advantage in the following game:} Nxe5 8. dxe5 Nd7 9. cxd5 exd5 (9... cxd5 $5)
10. e4 d4 $1 11. Qxd4 Bc5 12. Qd3 Nxe5 13. Qxd8+ Kxd8 14. f4 Nd3+ 15. Ke2 Nxc1+
16. Raxc1 Bg4+ {A natural check, but I am not sure that Black must give up his
bishop pair so quickly.} (16... Ba7 {followed by Ke7, f6 etc should hardly be
problematic for Black}) 17. Bf3 Bxf3+ 18. Kxf3 Ke7 19. e5 {(+/= - Riazantsev)}
Ke6 (19... Rhd8 $142 20. Rhd1 f6 21. exf6+ gxf6 22. g4 $14 {Riazantsev}) 20. g4
g6 21. Ne2 Ba7 (21... Bb6 22. Rc3 $16) 22. Ng3 Rhd8 23. Rhd1 $14 {1-0
Riazantsev,A (2600)-Dunis,A (2530)/Bastia (rapid) 2005 (43)}) 7... Bxd7 8. Qd3
dxc4 (8... b5 {doesn't fully solve the problems:} 9. c5 $1 e5 (9... Be7 10. Bg2
O-O 11. O-O $14 {[%cal Ge2e4]}) 10. dxe5 Ng4 11. Qd4 Qe7 12. h3 Nxe5 (12...
Qxe5 13. Be3 $1 $14) 13. Bg2 Ng6 14. Be3 {White has a clear plan: 0-0. f4, Bf2
and e4. His position is clearly better here.}) 9. Qxc4 b5 10. Qd3 c5 {Even
with the bishop on d7 instead of c7 these standard actions on the queenside
are the best for Black.} 11. Bg2 Rc8 12. dxc5 (12. Bb7 $2 Rc7 13. Bxa6 $2 Qa8
$19) (12. Bg5 cxd4 $1 (12... Qb6 13. Bxf6 gxf6 14. Ne4 Qa5+ 15. Kf1 {leaves
White with some initiative}) ({but} 12... h6 13. Bxf6 Qxf6 14. dxc5 Bxc5 15.
O-O Qd4 $1 {might be enough for equality as well}) 13. Qxd4 Bc5 14. Qh4 (14.
Qf4 h6 $1 15. Bxf6 Qxf6 16. Qxf6 gxf6 $15) 14... Be7 $11) 12... Bxc5 13. Be3 (
13. Bg5 $2 Bxf2+ 14. Kxf2 Ng4+ 15. Ke1 Qxg5 16. Rd1 (16. Ne4 Rc1+) 16... Rc7
17. Ne4 Qe3 $19) 13... Bxe3 14. Qxe3 Bc6 $11 15. Bxc6+ 1/2-1/2

[Event "Nalchik FIDE GP"]
[Site "Nalchik"]
[Date "2009.04.16"]
[Round "2"]
[White "Kasimdzhanov, Rustam"]
[Black "Karjakin, Sergey"]
[Result "1/2-1/2"]
[WhiteElo "2695"]
[BlackElo "2721"]
[Annotator "Rogozenco,D"]
[PlyCount "46"]
[EventDate "2009.04.15"]
[EventType "tourn"]
[EventRounds "13"]
[EventCountry "RUS"]
[EventCategory "19"]
[SourceTitle "CBM 130"]
[Source "ChessBase"]
[SourceDate "2009.05.20"]
[SourceVersion "1"]
[SourceVersionDate "2009.05.20"]
[SourceQuality "1"]

1. d4 d5 2. c4 c6 3. Nf3 Nf6 4. Nc3 a6 5. a4 e6 6. g3 dxc4 7. Bg2 c5 8. dxc5
Qxd1+ 9. Nxd1 Bd7 $1 $146 {[%mdl 8] Most likely this strong novelty (brought
to Karjakin by his new trainer and former Kasparov second Yuri Dokhoian) will
have a big impact in the future development of the variation.} (9... Nc6 {
is the most frequent answer. However, lately new ideas for White were found
and therefore the entire 5.a4 and 6.g3 variation became popular against the
Chebanenko Slav.  Here is a recent example:} 10. Ne3 Bxc5 11. Nxc4 Ke7 12. O-O
Nd5 13. Rd1 f6 14. Nfd2 Rd8 15. Nb3 Ba7 16. Nca5 Rb8 17. Nxc6+ bxc6 18. Na5 Bd7
19. b3 Bc5 20. Bd2 Bb4 21. Rac1 Rdc8 22. Bxb4+ Nxb4 23. f4 c5 24. Kf2 $14 {
1-0 Aronian,L (2750)-Movsesian,S (2751)/Wijk aan Zee 2009 (58)}) ({Another
recent game is} 9... Bxc5 10. Ne5 Nd5 11. Ne3 Nxe3 12. Bxe3 Bxe3 13. fxe3 c3
14. b4 Nd7 15. Nd3 Rb8 16. O-O b5 17. axb5 Rxb5 18. Rfc1 $14 {1-0 Anand,V 
(2791)-Wang Yue (2739)/Linares 2009 (33)}) 10. Ne5 (10. Ne3 Bc6 11. Nxc4 Bxc5
$11) 10... Nc6 11. Nxc6 (11. Nxd7 Nxd7 12. Ne3 Nxc5 13. Nxc4 Nb3 14. Rb1 Rc8
$132) (11. Nxc4 Bxc5 12. Be3 {needs to be tested - at least here White keeps
more pressure in the position.}) 11... Bxc6 12. Bxc6+ bxc6 {The position is
equal: the pawn on a4 creates too many weaknesses in White's queenside pawn
formation.} 13. Bd2 (13. Be3 Rb8 $1 (13... Ne4 14. Rc1 $36) 14. Rc1 $140 Rb4
$15) (13. Bf4 $145 $5) 13... Ne4 14. Rc1 Nxd2 15. Kxd2 O-O-O+ 16. Ke3 (16. Ke1
Bxc5 (16... Rd4 $5 17. e3 (17. Ne3 c3 $1 18. Rxc3 Rxa4 $15) 17... Rd3 18. Rxc4
Be7 19. Ke2 Rb3 (19... Rhd8 20. Rc2 Rb3 21. Nc3 Kc7 $44 {[%cal Gd8b8,Ge7f6]})
20. Kd2 Rd8+ 21. Kc2 Rbd3 $44) 17. Rxc4 Bb6 18. Rxc6+ Kb7 $44) 16... Bxc5+ 17.
Kf3 Rd5 18. Rxc4 Rhd8 19. Ne3 (19. Nc3 Rf5+ 20. Rf4 Rxf4+ 21. gxf4 (21. Kxf4 f5
$15 {[%csl Re4]} (21... Bxf2 22. e3 Rd2 23. Nd1 $18 {[%cal Gf4f3]})) 21... Kc7
$11) 19... Bxe3 20. Kxe3 Re5+ 21. Kf3 Rf5+ 22. Ke3 (22. Kg2 Rd2 23. Rxc6+ Kb7
24. Rhc1 Rxe2 25. Rc7+ Kb6 26. b4 Rfxf2+ 27. Kg1 $11) 22... Re5+ 23. Kf3 Rf5+
1/2-1/2